=LDR 00000nam 2200000 4500 =001 INLIS000000000016018 =005 20210519091745 =035 ##$$a 0010-061300000016018 =008 210519################g##########0#ind## =041 ##$$a Ind =090 ##$$a 338.959 8, Sum m =100 ##$$a Sumitro =245 1#$$a Mengungkap masalah menatap masa depan : $b Sebuah refleksi /$c Jendral Purnawirawan Soemitro =260 ##$$a Jakarta :$b Pustaka Sinar Harapan,$c 1992 =300 ##$$a 111 hlm. ; $c 21 x 15 cm. =650 #4$$a Indonesia - Politik ekonomi =850 ##$$a NBPNMAT =020 ##$$a 979-416-110-1 =082 ##$$a 338.959 8 =084 ##$$a 338.959 8 SUM m =990 ##$$a 59.461/Pro-93 =990 ##$$a 118.011/Pro-97 =990 ##$$a 118.012/Pro-97 =990 ##$$a 59.461/Pro-93 =990 ##$$a 118.011/Pro-97 =990 ##$$a 118.012/Pro-97